<?xml version="1.0" encoding="UTF-8"?><marc:collection xmlns:marc="http://www.loc.gov/MARC21/slim">
  <marc:record>
    <marc:leader>00000nam  2200000za 4500</marc:leader>
    <marc:controlfield tag="001">9.631204</marc:controlfield>
    <marc:controlfield tag="003">CaOODSP</marc:controlfield>
    <marc:controlfield tag="005">20210624214224</marc:controlfield>
    <marc:controlfield tag="007">cr |||||||||||</marc:controlfield>
    <marc:controlfield tag="008">150407s2003    onc|||||o    f|0| 0 fre d</marc:controlfield>
    <marc:datafield tag="020" ind1=" " ind2=" ">
      <marc:subfield code="a">0-662-75153-1</marc:subfield>
    </marc:datafield>
    <marc:datafield tag="040" ind1=" " ind2=" ">
      <marc:subfield code="a">CaOODSP</marc:subfield>
      <marc:subfield code="b">fre</marc:subfield>
    </marc:datafield>
    <marc:datafield tag="043" ind1=" " ind2=" ">
      <marc:subfield code="a">n-cn---</marc:subfield>
    </marc:datafield>
    <marc:datafield tag="086" ind1="1" ind2=" ">
      <marc:subfield code="a">T46-18/2003F-PDF</marc:subfield>
    </marc:datafield>
    <marc:datafield tag="110" ind1="1" ind2=" ">
      <marc:subfield code="a">Canada. </marc:subfield>
      <marc:subfield code="b">Transports Canada.</marc:subfield>
    </marc:datafield>
    <marc:datafield tag="245" ind1="1" ind2="0">
      <marc:subfield code="a">Rouler sur l'air </marc:subfield>
      <marc:subfield code="h">[ressource électronique] : </marc:subfield>
      <marc:subfield code="b">information cruciale sur la sûreté de vos pneus et sur l'environnement.</marc:subfield>
    </marc:datafield>
    <marc:datafield tag="260" ind1=" " ind2=" ">
      <marc:subfield code="a">Ottawa : </marc:subfield>
      <marc:subfield code="b">Transports Canada, </marc:subfield>
      <marc:subfield code="c">2003.</marc:subfield>
    </marc:datafield>
    <marc:datafield tag="300" ind1=" " ind2=" ">
      <marc:subfield code="a">[16] p. : </marc:subfield>
      <marc:subfield code="b">ill. en couleur, graphique.</marc:subfield>
    </marc:datafield>
    <marc:datafield tag="520" ind1="3" ind2=" ">
      <marc:subfield code="a">Le document intitulé Rouler sur l'air, publié par Transports Canada, vous fournit d'importants renseignements sur la sécurité des pneus. Vous y apprendrez notamment que des pneus bien gonflés, en plus d'assurer le fonctionnement sécuritaire de votre véhicule, réduisent la consommation de carburant.</marc:subfield>
    </marc:datafield>
    <marc:datafield tag="590" ind1=" " ind2=" ">
      <marc:subfield code="a">03-48</marc:subfield>
      <marc:subfield code="b">2003-11-28</marc:subfield>
    </marc:datafield>
    <marc:datafield tag="691" ind1="0" ind2="7">
      <marc:subfield code="a">Sécurité routière</marc:subfield>
      <marc:subfield code="2">gcpds</marc:subfield>
    </marc:datafield>
    <marc:datafield tag="775" ind1="0" ind2="8">
      <marc:subfield code="t">Riding on air </marc:subfield>
      <marc:subfield code="w">(CaOODSP)9.686741</marc:subfield>
    </marc:datafield>
    <marc:datafield tag="794" ind1=" " ind2=" ">
      <marc:subfield code="t">Rouler sur l'air </marc:subfield>
      <marc:subfield code="w">(CaOODSP)9.633130</marc:subfield>
    </marc:datafield>
    <marc:datafield tag="795" ind1=" " ind2=" ">
      <marc:subfield code="t">Rouler sur l'air </marc:subfield>
      <marc:subfield code="w">(CaOODSP)9.640448</marc:subfield>
    </marc:datafield>
    <marc:datafield tag="856" ind1="4" ind2="0">
      <marc:subfield code="a">http://publications.gc.ca</marc:subfield>
      <marc:subfield code="q">PDF</marc:subfield>
      <marc:subfield code="s">526 Ko</marc:subfield>
      <marc:subfield code="u">https://publications.gc.ca/collections/Collection/T46-18-2003F.pdf</marc:subfield>
    </marc:datafield>
  </marc:record>
</marc:collection>
